| 000 | 00455nam a2200181Ia 4500 | ||
|---|---|---|---|
| 005 | 20250423100444.0 | ||
| 008 | 250422s9999 xx 000 0 und d | ||
| 020 | _a0-03-049491-5 | ||
| 050 | _aQC212.M3643/ | ||
| 100 | _aJerry B. Marion | ||
| 245 | 0 | _aPart: Physics For Science and Engineering | |
| 260 | _aChicago | ||
| 260 | _bSauders College Publishing | ||
| 260 | _c1982 | ||
| 300 | _a1274 p | ||
| 650 | _aCurrent and Resistance | ||
| 942 | _cBK | ||
| 999 |
_c33357 _d33357 |
||